| 000 | 00380nam a2200133 a 4500 | ||
|---|---|---|---|
| 001 | 000031155 | ||
| 005 | 20200930062735.0 | ||
| 008 | 110614s1995 dr a 000 0 spa d | ||
| 040 |
_aDO-SdBNP _bspa _cBNPHU |
||
| 245 | 0 | 0 |
_aOrientación sobre el VIH y SIDA : _bguía práctica. |
| 260 |
_aSanto Domingo : _bEditora Gente, _c1995. |
||
| 300 |
_a44 p. : _bil. ; _c28 cm. |
||
| 049 | _aBNPD | ||
| 999 |
_c30647 _d30647 |
||